[Event "Lisbon Portugal op"]
[Site "Lisbon"]
[Date "2017.02.04"]
[Round "1"]
[White "Avelino, Mafalda Biscaya"]
[Black "Bhawoodien, Mohamed Ozayr"]
[Result "0-1"]
[WhiteElo "1049"]
[BlackElo "2060"]
[PlyCount "72"]
[EventDate "2017.02.04"]
[EventType "swiss"]
[EventRounds "9"]
[EventCountry "POR"]
[SourceTitle "CBM 176 Extra"]
[Source "ChessBase"]
[SourceDate "2017.03.02"]
[SourceVersion "1"]
[SourceVersionDate "2017.03.02"]
[SourceQuality "1"]

1. e4 c5 2. Nc3 a6 3. Nf3 d6 4. Bc4 e6 5. d3 b5 6. Bb3 Bb7 7. a3 Nf6 8. Bg5 Be7 9. 0-0 Nbd7 10. Re1 0-0 11. h3 Rc8 12. a4 b4 13. Ne2 d5 14. Ng3 h6 15. Bd2 c4 16. Ba2 dxe4 17. dxe4 Nb6 18. a5 Na4 19. e5 Nd5 20. Qe2 Nxb2 21. Rab1 c3 22. Bc1 Qxa5 23. Bxd5 Qxd5 24. Bxb2 cxb2 25. Rxb2 Rfd8 26. Rxb4 Bxb4 27. Rc1 Rc3 28. Rb1 a5 29. Rd1 Qxd1+ 30. Qxd1 Rxd1+ 31. Kh2 Rxc2 32. h4 Rxf2 33. Ng1 Rxg2+ 34. Kh3 Rdxg1 35. Kg4 Rxg3+ 36. Kf4 Bd2# 0-1

[Event "RSA-chT Regions"]
[Site "Cape Town"]
[Date "2016.01.09"]
[Round "4.1"]
[White "Bhawoodien, Mohamed Ozayr"]
[Black "Odendaal, Frederick"]
[Result "1/2-1/2"]
[WhiteElo "2117"]
[BlackElo "2004"]
[PlyCount "58"]
[EventDate "2016.01.08"]
[EventType "team-swiss"]
[EventRounds "7"]
[EventCountry "RSA"]
[SourceTitle "CBM 170 Extra"]
[Source "ChessBase"]
[SourceDate "2016.02.25"]
[SourceVersion "1"]
[SourceVersionDate "2016.02.25"]
[SourceQuality "1"]
[WhiteTeam "Western Province II"]
[BlackTeam "Nelson Mandela Bay"]
[WhiteTeamCountry "RSA"]
[BlackTeamCountry "RSA"]

1. d4 d5 2. c4 c6 3. Nf3 Nf6 4. e3 e6 5. b3 Nbd7 6. Bb2 Ne4 7. Nbd2 f5 8. Bd3 Bd6 9. 0-0 0-0 10. Ne5 Nxe5 11. dxe5 Nxd2 12. Qxd2 Be7 13. Qc2 Bd7 14. Rfc1 Qe8 15. cxd5 cxd5 16. f4 Bc6 17. Bd4 Qh5 18. Qe2 Qxe2 19. Bxe2 a6 20. Bc5 Kf7 21. g3 Rfc8 22. b4 Bd7 23. Bxe7 Kxe7 24. Kf2 Bb5 25. a4 Bxe2 26. Kxe2 Kd7 27. Kd3 Rxc1 28. Rxc1 Rc8 29. Rxc8 Kxc8 1/2-1/2

[Event "RSA-chT Regions"]
[Site "Cape Town"]
[Date "2016.01.08"]
[Round "2.1"]
[White "Bhawoodien, Mohamed Ozayr"]
[Black "Van der Nat, Nicholas P"]
[Result "0-1"]
[WhiteElo "2117"]
[BlackElo "2349"]
[PlyCount "60"]
[EventDate "2016.01.08"]
[EventType "team-swiss"]
[EventRounds "7"]
[EventCountry "RSA"]
[SourceTitle "CBM 170 Extra"]
[Source "ChessBase"]
[SourceDate "2016.02.25"]
[SourceVersion "1"]
[SourceVersionDate "2016.02.25"]
[SourceQuality "1"]
[WhiteTeam "Western Province II"]
[BlackTeam "Tshwane II"]
[WhiteTeamCountry "RSA"]
[BlackTeamCountry "RSA"]

1. d4 Nf6 2. c4 g6 3. Nc3 Bg7 4. e4 d6 5. Nf3 0-0 6. h3 e5 7. d5 a5 8. Bg5 Na6 9. Nd2 Qe8 10. g4 Nd7 11. Rg1 Kh8 12. Be2 Ndc5 13. Nf1 f5 14. gxf5 gxf5 15. exf5 Bxf5 16. Ne3 Bg6 17. a3 h6 18. Bh4 Rf4 19. Rxg6 Qxg6 20. Bg3 Rd4 21. Qc2 e4 22. Nb5 Nd3+ 23. Kd2 Ndb4+ 24. Nxd4 Nxc2 25. Ndxc2 Bxb2 26. Rg1 Qf6 27. Nd1 Nc5 28. Ke3 Qg5+ 29. f4 exf3+ 30. Kxf3 Qf5+ 0-1